| 000 -LEADER |
| fixed length control field |
00514nam a22001457a 4500 |
| 005 - DATE AND TIME OF LATEST TRANSACTION |
| control field |
20230810135041.0 |
| 008 - FIXED-LENGTH DATA ELEMENTS--GENERAL INFORMATION |
| fixed length control field |
230810s1972 xxu||||| |||| 00| 0 d |
| 080 ## - UNIVERSAL DECIMAL CLASSIFICATION NUMBER |
| Universal Decimal Classification number |
902/904(084.1) P-74 |
| 100 ## - MAIN ENTRY--PERSONAL NAME |
| Personal name |
Plesnigar-Gec Ljudmila |
| 9 (RLIN) |
19656 |
| 245 ## - TITLE STATEMENT |
| Title |
Severno emonsko robisce the northern necropolis of emona / |
| Statement of responsibility, etc. |
Ljudmila Plesnigar-Gec. |
| 264 ## - PRODUCTION, PUBLICATION, DISTRIBUTION, MANUFACTURE, AND COPYRIGHT NOTICE |
| Place of production, publication, distribution, manufacture |
Ljubjana, |
| Date of production, publication, distribution, manufacture, or copyright notice |
1972. |
| 300 ## - PHYSICAL DESCRIPTION |
| Extent |
272 p. : |
| Other physical details |
ill.; |
| Dimensions |
35 cm. |
| 653 ## - INDEX TERM--UNCONTROLLED |
| keyword |
ემონას ჩრდილოეთი ნეკროპოლისი |
| 942 ## - ADDED ENTRY ELEMENTS (KOHA) |
| Source of classification or shelving scheme |
|
| Koha item type |
წიგნი |